• 首页
  • 本馆介绍
  • 公告通知
  • 最新文献
  • 馆藏检索
  • 电子资源
  • 读者导购
  • 参考咨询
  • 我的图书馆
  • 登录
  • 详细信息显示
  • 放入我的书架
  • 预约/预借图书
  • 作者相关作品
  • 分类相关作品
  • 丛书相关作品
  • 出版社相关作品

书目信息

  • 表格格式
  • 工作单格式
  • 卡片格式
题名:
中华人民共和国公务员法
    
 
作者: 不详
分册:  
出版信息: 北京   党建读物出版社  2005
页数: 30页
开本: 20cm
丛书名:
单 册:
中图分类: D922.11
科图分类:
主题词: 法律--中国
电子资源:
ISBN: 7-80098-794-9
000 00537nam0 2200193 450
001 0734170483
005 20070726092903.62
010    @a7-80098-794-9@dCNY3.50
100    @a20070721d2005 km y0chiy0120 ea
101 0  @achi
102    @aCN
200 1  @a中华人民共和国公务员法@Azhong hua ren min gong he guo gong wu yuan fa@f不详@Fbu xiang
210    @a北京@c党建读物出版社@d2005
215    @a30页@d20cm
606 0  @a法律@x中国
690    @aD922.11@v3
701  0 @a不详@Abu xiang
801  0 @aCN@bPFT@c20070726
905    @a10447@dD922.11@e766
    
    中华人民共和国公务员法/不详.-北京:党建读物出版社,2005
    30页;20cm
    
    
    ISBN 7-80098-794-9:CNY3.50
    
●
相关链接 在E读中查询图书 在五车中查询图书 在当当中查询图书 在豆瓣中查询图书


正题名:中华人民共和国公务员法     索取号:D922.11/766         预约/预借

序号 登录号 条形码 馆藏地/架位号 状态 备注
1 0769237   207692371   第一样本阅览室/ [索取号:D922.11/766] 在馆    
唐山师范学院图书馆 欢迎您!
大连网信软件有限公司© 版权所有